| 000 | 00000nam##2200000za#4500 |
| 001 | 9.641582 |
| 003 | CaOODSP |
| 005 | 20210624223305 |
| 007 | cr ||||||||||| |
| 008 | 150407|1982||||xxc|||||o f|0| 0 fre|d |
| 040 | |aCaOODSP|bfre |
| 043 | |an-cn--- |
| 086 | 1 |aA73-5158/1982F-PDF |
| 110 | 1 |aCanada.|bAgriculture Canada. |bDivision de la consultation alimentaire. |
| 245 | 10|aEnquête sur les pratiques de conservation domestique des aliments |h[ressource électronique] |
| 260 | |aOttawa - Ontario : |bAgriculture Canada. |c[1982?]. |
| 300 | |a132p.|bglossaire, graphique, références, tableaux |
| 500 | |aPublication historique numérisée par Agriculture et Agroalimentaire Canada. |
| 590 | |a13-17-Supp|b2013-07-25 |
| 691 | 07|aAliment|2gcpds |
| 691 | 07|aEntreposage|2gcpds |
| 691 | 07|aTransformation des aliments|2gcpds |
| 720 | 1 |aRoberts, J. A. |
| 775 | 08|tFood preservation practices in the home : |w(CaOODSP)9.697871 |
| 856 | 40|ahttp://publications.gc.ca|qPDF|s5.84 Mo|uhttps://publications.gc.ca/collections/collection_2013/aac-aafc/agrhist/A73-5158-1982-fra.pdf |
| 986 | |a5158 |